| 000 | 00631nam a2200193Ia 4500 | ||
|---|---|---|---|
| 003 | LK-CoDNM | ||
| 008 | 010623t1993 xxu||||| |||| 00| 1 sin d | ||
| 040 |
_aLK-CoDNM _dLK-CoDNM _eLK-CoDNM |
||
| 041 | _asin | ||
| 080 |
_a659.3 _bDEL |
||
| 100 | _aDela Bandara, T.R.G. | ||
| 245 | _aශ්රී ලංකාවේ පුවත්පත් ප්රභවය සහ අභිවර්ධනය | ||
| 246 | _aSri Lankawee puvathpath prabhavaya saha abhivardanaya | ||
| 260 |
_bSri Lanka puwathpath mandalaya _c1993 |
||
| 300 | _b46, 22 cm | ||
| 650 | _aCommunication | ||
| 700 | _aWimalarathna, K.D.G. | ||
| 942 | _cBK | ||
| 999 |
_c116292 _d116292 |
||